[Event "Avoine op 25th"]
[Site "Avoine"]
[Date "2010.07.19"]
[Round "3"]
[White "Salles, Leandro Luiz Krause"]
[Black "Herdier, Goulwenn"]
[Result "0-1"]
[WhiteElo "1775"]
[BlackElo "2112"]
[PlyCount "74"]
[EventDate "2010.07.??"]
[EventType "swiss"]
[EventRounds "9"]
[EventCountry "FRA"]
[Source "Mark Crowther"]
[SourceDate "2010.08.02"]
[WhiteTeamCountry "FRA"]
[BlackTeamCountry "FRA"]

1. e4 c5 2. Nf3 Nc6 3. d4 cxd4 4. Nxd4 Nf6 5. Nc3 e5 6. Ndb5 d6 7. Nd5 Nxd5 8.
exd5 Ne7 9. c4 Ng6 10. Bd3 a6 11. Nc3 Be7 12. O-O f5 13. f3 O-O 14. Be3 Bg5 15.
Bf2 Bh4 16. g3 Be7 17. Qb3 Kh8 18. Na4 f4 19. Kg2 b5 20. cxb5 axb5 21. Bxb5 Bf5
22. Rfe1 e4 23. fxe4 f3+ 24. Kg1 Bh3 25. Rac1 Bg5 26. Rc2 Ne5 27. Bd4 Ng4 28.
Bf1 Bxf1 29. Rxf1 Qe8 30. Nb6 Qxe4 31. Bf2 Rab8 32. Qc4 Qf5 33. Rc3 Ne5 34. g4
Nxg4 35. Bg3 Ne3 36. Qc7 Nxf1 37. Kxf1 Qh3+ 0-1

[Event "Avoine op 25th"]
[Site "Avoine"]
[Date "2010.07.19"]
[Round "3"]
[White "Piron, Jean Marie"]
[Black "Eden, James"]
[Result "0-1"]
[WhiteElo "1705"]
[BlackElo "2090"]
[PlyCount "104"]
[EventDate "2010.07.??"]
[EventType "swiss"]
[EventRounds "9"]
[EventCountry "FRA"]
[Source "Mark Crowther"]
[SourceDate "2010.08.02"]
[WhiteTeamCountry "FRA"]
[BlackTeamCountry "FRA"]

1. b4 d5 2. Bb2 Nf6 3. e3 e6 4. b5 Be7 5. Nf3 O-O 6. a4 c5 7. c4 b6 8. Be2 Bb7
9. a5 a6 10. bxa6 Nxa6 11. cxd5 exd5 12. axb6 Qxb6 13. Nc3 d4 14. Na4 Qe6 15.
O-O Nd5 16. exd4 Nf4 17. Ne5 Nxe2+ 18. Qxe2 f6 19. Qg4 Qb3 20. Ra3 Qd5 21. Rg3
g5 22. Nb6 Qd6 23. Nec4 Qc7 24. Nxa8 Rxa8 25. Qe6+ Kf8 26. Re1 Nb4 27. Qf5 Kg8
28. Rh3 Bf8 29. Qxf6 Ra6 30. Qf5 Bc8 31. Qxg5+ Rg6 32. Qh4 Bxh3 33. Qxh3 Nd5
34. Ne5 Nf4 35. Qf5 Qb7 36. Qe4 Rxg2+ 37. Kf1 Qb5+ 38. d3 Bh6 39. Nc4 Rxh2 40.
Qa8+ Bf8 41. Qf3 Rh4 42. Qg3+ Ng6 43. Qg2 cxd4 44. Qf3 Rf4 45. Qg2 Qf5 46. Re4
Qh5 47. Ke1 Bb4+ 48. Nd2 Qa5 49. Bc1 Qa1 50. Re8+ Kg7 51. Qb7+ Rf7 52. Qxb4
Qxc1+ 0-1

[Event "Avoine op 25th"]
[Site "Avoine"]
[Date "2010.07.19"]
[Round "3"]
[White "Leriche, Luc"]
[Black "Sanduleac, Vasile"]
[Result "0-1"]
[WhiteElo "1986"]
[BlackElo "2451"]
[PlyCount "78"]
[EventDate "2010.07.??"]
[EventType "swiss"]
[EventRounds "9"]
[EventCountry "FRA"]
[Source "Mark Crowther"]
[SourceDate "2010.08.02"]
[WhiteTeamCountry "FRA"]
[BlackTeamCountry "FRA"]

1. e4 c6 2. d4 d5 3. Nc3 dxe4 4. Nxe4 Bf5 5. Ng3 Bg6 6. h4 h6 7. f4 Nf6 8. Nf3
Ne4 9. Nxe4 Bxe4 10. Ne5 Nd7 11. Bd3 Bxd3 12. Qxd3 e6 13. Be3 Be7 14. O-O-O
Nxe5 15. dxe5 Qxd3 16. Rxd3 b6 17. h5 Rd8 18. Rhd1 Rxd3 19. Rxd3 g6 20. hxg6
fxg6 21. a4 g5 22. fxg5 hxg5 23. a5 bxa5 24. Bxa7 Rh1+ 25. Kd2 Rh2 26. Rg3 Kf7
27. Kd3 Kg6 28. Bd4 Rh4 29. Rf3 c5 30. Bc3 c4+ 31. Ke2 a4 32. Be1 Re4+ 33. Re3
Kf5 34. Bc3 Bc5 35. Rxe4 Kxe4 36. Bd2 g4 37. c3 Kxe5 38. g3 Ke4 39. Be1 Be3 0-1

[Event "Avoine op 25th"]
[Site "Avoine"]
[Date "2010.07.19"]
[Round "3"]
[White "Gousseinov, Aguif"]
[Black "Shirazi, Kamran G"]
[Result "0-1"]
[WhiteElo "1979"]
[BlackElo "2428"]
[PlyCount "65"]
[EventDate "2010.07.??"]
[EventType "swiss"]
[EventRounds "9"]
[EventCountry "FRA"]
[Source "Mark Crowther"]
[SourceDate "2010.08.02"]
[WhiteTeamCountry "FRA"]
[BlackTeamCountry "FRA"]

1. e4 c5 2. Nf3 e6 3. d4 cxd4 4. Nxd4 a6 5. Be2 Nf6 6. Bf3 d5 7. exd5 Nxd5 8.
O-O Be7 9. Bd2 Bf6 10. c3 O-O 11. Bxd5 Qxd5 12. Qf3 Bxd4 13. cxd4 Qxf3 14. gxf3
b5 15. f4 Nc6 16. Be3 Rd8 17. Rd1 Bb7 18. Nc3 Ne7 19. Rac1 Rd7 20. Kf1 Bf3 21.
Ne2 Rad8 22. Rd2 h5 23. Ng1 Bd5 24. b3 Nf5 25. Ke2 Kh7 26. Rcd1 a5 27. Nf3 f6
28. Ne1 a4 29. Nd3 axb3 30. Nc5 Bc4+ 31. Kf3 bxa2 32. Nxd7 Rxd7 33. Rb2 0-1

[Event "Avoine op 25th"]
[Site "Avoine"]
[Date "2010.07.19"]
[Round "3"]
[White "David, Vincent"]
[Black "Dubost, Christophe"]
[Result "1-0"]
[WhiteElo "2407"]
[BlackElo "1974"]
[PlyCount "69"]
[EventDate "2010.07.??"]
[EventType "swiss"]
[EventRounds "9"]
[EventCountry "FRA"]
[Source "Mark Crowther"]
[SourceDate "2010.08.02"]
[WhiteTeamCountry "FRA"]
[BlackTeamCountry "FRA"]

1. d4 d5 2. c4 e6 3. Nc3 c6 4. Nf3 dxc4 5. e3 b5 6. a4 Bb4 7. Bd2 a5 8. axb5
Bxc3 9. bxc3 cxb5 10. Qb1 Bd7 11. Be2 Bc6 12. Ne5 Ne7 13. Nxc6 Nbxc6 14. Qxb5
O-O 15. Qxc4 Qd7 16. Qa4 Rfb8 17. O-O Qc7 18. Bf3 Ra6 19. Rfc1 g6 20. g3 Qa7
21. e4 Rc8 22. Bg2 Rd8 23. Be3 Qc7 24. Qc4 Qc8 25. Qc5 Qd7 26. Bg5 Rc8 27. d5
exd5 28. exd5 Qf5 29. Bxe7 Nxe7 30. Qxe7 Rf6 31. Kh1 Rb6 32. Qe3 Rb2 33. c4 Qd7
34. c5 Re8 35. c6 1-0

[Event "Avoine op 25th"]
[Site "Avoine"]
[Date "2010.07.19"]
[Round "3"]
[White "Merrheim, Xavier"]
[Black "Debray, Christopher"]
[Result "0-1"]
[WhiteElo "1977"]
[BlackElo "2362"]
[PlyCount "132"]
[EventDate "2010.07.??"]
[EventType "swiss"]
[EventRounds "9"]
[EventCountry "FRA"]
[Source "Mark Crowther"]
[SourceDate "2010.08.02"]
[WhiteTeamCountry "FRA"]
[BlackTeamCountry "FRA"]

1. e4 c5 2. c3 g6 3. d4 cxd4 4. cxd4 d5 5. exd5 Nf6 6. Bc4 Bg7 7. Nc3 O-O 8.
Nf3 Nbd7 9. O-O Nb6 10. Qb3 Nxc4 11. Qxc4 Qd6 12. g3 Rd8 13. Bf4 Qa6 14. Qxa6
bxa6 15. d6 exd6 16. Nd2 Be6 17. Rfd1 Rab8 18. b3 Rb4 19. Be3 Ng4 20. Nf3 Nxe3
21. fxe3 Bh6 22. Re1 Rc8 23. Rac1 Rb7 24. Kf2 Rbc7 25. Ne2 Rc2 26. Rxc2 Rxc2
27. Ra1 Rb2 28. Nfg1 Bd5 29. g4 f5 30. gxf5 gxf5 31. Nh3 Bc6 32. Nhf4 Bxf4 33.
exf4 Bb5 34. Re1 Rxa2 35. Kf3 Rb2 36. Nc1 Bc6+ 37. Kg3 Rg2+ 38. Kh3 Rg4 39. Re2
Bb5 40. Rf2 Rg1 41. Rg2+ Rxg2 42. Kxg2 Kf7 43. Na2 Bc6+ 44. Kf2 Bd5 45. Nc1 a5
46. Kg3 Kf6 47. Kh4 Be6 48. Kg3 h6 49. Kf3 Bd5+ 50. Kf2 a6 51. Ke3 Kg6 52. Kf2
Kh5 53. Kg3 Be4 54. Kh3 Bc2 55. Kg3 Bd1 56. Kh3 a4 57. bxa4 a5 58. Na2 Bxa4 59.
Nc3 Bc6 60. Nb1 Kg6 61. Kg3 Kf6 62. Kf2 Ke6 63. Ke3 Kd5 64. Na3 Bb7 65. Nb5 Bc8
66. Kd2 Bb7 0-1

[Event "Avoine op 25th"]
[Site "Avoine"]
[Date "2010.07.19"]
[Round "3"]
[White "Gendre, Pascal"]
[Black "Oei, Hway Ik"]
[Result "0-1"]
[WhiteElo "1961"]
[BlackElo "2148"]
[PlyCount "81"]
[EventDate "2010.07.??"]
[EventType "swiss"]
[EventRounds "9"]
[EventCountry "FRA"]
[Source "Mark Crowther"]
[SourceDate "2010.08.02"]
[WhiteTeamCountry "FRA"]
[BlackTeamCountry "FRA"]

1. d4 Nf6 2. c4 e6 3. Nf3 b6 4. g3 Ba6 5. Nbd2 Bb7 6. Bg2 c5 7. dxc5 bxc5 8.
O-O Be7 9. Re1 O-O 10. e4 d6 11. e5 dxe5 12. Nxe5 Qb6 13. Bxb7 Qxb7 14. Qf3
Qxf3 15. Ndxf3 h6 16. Bf4 Rc8 17. Rad1 Ne8 18. Nd2 Nd6 19. Ne4 Nxe4 20. Rxe4
Bf6 21. b3 a5 22. Re2 a4 23. Red2 Nc6 24. Nd7 Nd4 25. Rxd4 Bxd4 26. Nb6 e5 27.
Nxc8 Rxc8 28. Bd2 axb3 29. axb3 Ra8 30. Rb1 Ra2 31. Be1 Rc2 32. Kg2 f5 33. Kf3
g5 34. h3 e4+ 35. Kg2 Kf7 36. Kf1 f4 37. g4 f3 38. b4 cxb4 39. Rxb4 Rc1 40. c5
Rxe1+ 41. Kxe1 0-1

[Event "Avoine op 25th"]
[Site "Avoine"]
[Date "2010.07.19"]
[Round "3"]
[White "Fruteau, Sabine"]
[Black "Le Ray, Jean Yves"]
[Result "1-0"]
[WhiteElo "2142"]
[BlackElo "1960"]
[PlyCount "55"]
[EventDate "2010.07.??"]
[EventType "swiss"]
[EventRounds "9"]
[EventCountry "FRA"]
[Source "Mark Crowther"]
[SourceDate "2010.08.02"]
[WhiteTeamCountry "FRA"]
[BlackTeamCountry "FRA"]

1. e4 e5 2. Nf3 Nc6 3. Bb5 d6 4. d4 exd4 5. Nxd4 Bd7 6. O-O g6 7. c3 Bg7 8. f4
Nf6 9. Nxc6 bxc6 10. Bd3 O-O 11. h3 Re8 12. Qf3 Qe7 13. f5 Rf8 14. g4 h6 15. g5
hxg5 16. Bxg5 Qe5 17. Bf4 Qc5+ 18. Be3 Qe5 19. Nd2 c5 20. Rae1 Nh5 21. Nc4 Qg3+
22. Qxg3 Nxg3 23. Rf2 gxf5 24. exf5 Bf6 25. Kh2 d5 26. Kxg3 dxc4 27. Bxc4 Kh7
28. Rf4 1-0

[Event "Avoine op 25th"]
[Site "Avoine"]
[Date "2010.07.19"]
[Round "3"]
[White "Hori, Shinya"]
[Black "Bouget, Alexandre"]
[Result "0-1"]
[WhiteElo "1957"]
[BlackElo "2140"]
[PlyCount "100"]
[EventDate "2010.07.??"]
[EventType "swiss"]
[EventRounds "9"]
[EventCountry "FRA"]
[Source "Mark Crowther"]
[SourceDate "2010.08.02"]
[WhiteTeamCountry "FRA"]
[BlackTeamCountry "FRA"]

1. d4 Nf6 2. Nf3 g6 3. Nc3 Bg7 4. e4 O-O 5. Be3 d6 6. Qd2 Bd7 7. O-O-O b5 8. e5
b4 9. exf6 bxc3 10. Qxc3 Bxf6 11. Bh6 Re8 12. h4 c5 13. h5 Nc6 14. hxg6 hxg6
15. Bc4 e6 16. Qe3 cxd4 17. Qf4 d5 18. Bg5 Bxg5 19. Nxg5 f5 20. Rh8+ Kxh8 21.
Nf7+ Kg7 22. Nxd8 Raxd8 23. Bb5 e5 24. Qg5 Ne7 25. Bxd7 Rxd7 26. Rh1 Ng8 27.
Rh3 Rc7 28. Qh4 Rec8 29. Qh8+ Kf8 30. Qxe5 Rxc2+ 31. Kd1 Rc1+ 32. Kd2 R8c2+ 33.
Kd3 Rxf2 34. Qb8+ Kf7 35. Qxa7+ Kf8 36. Kxd4 Rf4+ 37. Ke5 Re4+ 38. Kd6 Re7 39.
Qb8+ Kf7 40. Rc3 Rce1 41. Rc7 d4 42. Rxe7+ Nxe7 43. Qb4 Re4 44. a4 f4 45. a5
Nf5+ 46. Kd5 Re8 47. a6 d3 48. Kc6 Re6+ 49. Kb5 Re5+ 50. Kc4 Re4+ 0-1

[Event "Avoine op 25th"]
[Site "Avoine"]
[Date "2010.07.19"]
[Round "3"]
[White "Delboe, Charles"]
[Black "Wenzel, Johannes"]
[Result "1/2-1/2"]
[WhiteElo "1955"]
[BlackElo "2120"]
[PlyCount "55"]
[EventDate "2010.07.??"]
[EventType "swiss"]
[EventRounds "9"]
[EventCountry "FRA"]
[Source "Mark Crowther"]
[SourceDate "2010.08.02"]
[WhiteTeamCountry "FRA"]
[BlackTeamCountry "FRA"]

1. e4 c5 2. Nf3 e6 3. d4 cxd4 4. Nxd4 Nc6 5. Nb5 d6 6. Bf4 e5 7. Be3 a6 8. N5c3
Nf6 9. Bc4 Be6 10. Nd5 Bxd5 11. Bxd5 Qa5+ 12. Nc3 Nxd5 13. Qxd5 Qxd5 14. Nxd5
Rc8 15. O-O-O Ne7 16. Rd3 Nxd5 17. Rxd5 Be7 18. f4 f6 19. b3 Rc6 20. Rhd1 Kf7
21. Kb2 b5 22. g3 Rhc8 23. R1d2 g6 24. g4 exf4 25. Bxf4 Ke6 26. h4 Rc5 27. R5d3
R5c6 28. Rd5 1/2-1/2

[Event "Avoine op 25th"]
[Site "Avoine"]
[Date "2010.07.19"]
[Round "3"]
[White "Pallandre, Fabrice"]
[Black "Mattheys, Eddy"]
[Result "1/2-1/2"]
[WhiteElo "2103"]
[BlackElo "1937"]
[PlyCount "46"]
[EventDate "2010.07.??"]
[EventType "swiss"]
[EventRounds "9"]
[EventCountry "FRA"]
[Source "Mark Crowther"]
[SourceDate "2010.08.02"]
[WhiteTeamCountry "FRA"]
[BlackTeamCountry "FRA"]

1. e4 e6 2. d4 d5 3. Nd2 dxe4 4. Nxe4 Nd7 5. Nf3 Ngf6 6. Bg5 Be7 7. Nxf6+ Nxf6
8. Bd3 h6 9. Bh4 O-O 10. O-O c5 11. c3 Bd7 12. Ne5 cxd4 13. cxd4 Rc8 14. Qe2
Bc6 15. Rad1 a6 16. Kh1 Qb6 17. Rfe1 Rcd8 18. Ng6 fxg6 19. Qxe6+ Kh8 20. Qxe7
Qxd4 21. Bxf6 Qxf6 22. Qxf6 Rxf6 23. f3 Rfd6 1/2-1/2

[Event "Avoine op 25th"]
[Site "Avoine"]
[Date "2010.07.19"]
[Round "3"]
[White "Foussard, Gervais"]
[Black "Lukasiewicz, Anna"]
[Result "1-0"]
[WhiteElo "1950"]
[BlackElo "2097"]
[PlyCount "135"]
[EventDate "2010.07.??"]
[EventType "swiss"]
[EventRounds "9"]
[EventCountry "FRA"]
[Source "Mark Crowther"]
[SourceDate "2010.08.02"]
[WhiteTeamCountry "FRA"]
[BlackTeamCountry "FRA"]

1. e4 c5 2. c3 d5 3. exd5 Qxd5 4. d4 Nc6 5. Nf3 Bg4 6. Be2 cxd4 7. cxd4 e6 8.
Nc3 Qa5 9. O-O Nf6 10. h3 Bh5 11. Be3 Be7 12. Qb3 Qb4 13. Qxb4 Bxb4 14. Rfd1
Bxc3 15. bxc3 O-O 16. Rac1 Rac8 17. c4 Na5 18. g4 Bg6 19. Ne5 Rfd8 20. f3 Nd7
21. Nxg6 hxg6 22. Bd2 Nc6 23. Be3 Nf6 24. a3 b6 25. g5 Ne8 26. c5 Ne7 27. Ba6
Rc7 28. Bb5 Nd5 29. Bf2 bxc5 30. dxc5 Rcc8 31. Ba6 Rb8 32. Bf1 Rb3 33. Rd3 Rdb8
34. Rxb3 Rxb3 35. c6 Rxa3 36. Bc4 Ndc7 37. Kg2 Ra5 38. h4 Kf8 39. Bg3 e5 40.
Be1 Ra4 41. Bb3 Rd4 42. Kg3 e4 43. Rd1 Rxd1 44. Bxd1 Ke7 45. Bb4+ Nd6 46. fxe4
f6 47. Kf4 Ne6+ 48. Ke3 a5 49. Ba3 Nc7 50. Ba4 Nce8 51. Kd4 Kd8 52. Kd5 Kc7 53.
Bc1 Nc8 54. Bf4+ Kd8 55. Kc5 Nc7 56. Bd2 Ne6+ 57. Kb5 Nd6+ 58. Ka6 Nc5+ 59.
Kxa5 Nc4+ 60. Kb5 Nxd2 61. Kxc5 Nxe4+ 62. Kb6 Nd6 63. c7+ Ke7 64. Bc2 f5 65. h5
gxh5 66. Bxf5 h4 67. Bh3 g6 68. Kc6 1-0

[Event "Avoine op 25th"]
[Site "Avoine"]
[Date "2010.07.19"]
[Round "3"]
[White "Deslias, Gregoire"]
[Black "Menager, Erwan"]
[Result "0-1"]
[WhiteElo "1942"]
[BlackElo "2087"]
[PlyCount "124"]
[EventDate "2010.07.??"]
[EventType "swiss"]
[EventRounds "9"]
[EventCountry "FRA"]
[Source "Mark Crowther"]
[SourceDate "2010.08.02"]
[WhiteTeamCountry "FRA"]
[BlackTeamCountry "FRA"]

1. d4 Nf6 2. c4 g6 3. Nc3 d5 4. cxd5 Nxd5 5. Bd2 Bg7 6. e4 Nb6 7. Be3 O-O 8.
Be2 Nc6 9. Nf3 Bg4 10. e5 Qd7 11. h3 Bf5 12. O-O Rfd8 13. Rc1 Nb4 14. Qd2 N6d5
15. Bc4 Nb6 16. Be2 c6 17. Rfd1 N4d5 18. Nh4 Nxe3 19. Qxe3 Be6 20. Ne4 Bd5 21.
Nc5 Qc7 22. Qa3 e6 23. b4 Nd7 24. Na4 Bf8 25. Qb2 Nb6 26. Nc5 Nd7 27. Rb1 b6
28. Nd3 b5 29. Nf4 Qb7 30. Nxd5 cxd5 31. Rbc1 a6 32. a4 bxa4 33. Rb1 Rab8 34.
Qa3 Bxb4 35. Bxa6 Qxa6 36. Rxb4 Rxb4 37. Qxb4 Rb8 38. Qe7 Qc8 39. Ra1 Ra8 40.
Nf3 Nb6 41. Ng5 Qd7 42. Qxd7 Nxd7 43. Kf1 Nb6 44. Ke2 Nc4 45. Nf3 a3 46. Kd3
Kg7 47. Ne1 g5 48. Nc2 Kg6 49. g4 f6 50. exf6 Kxf6 51. Ra2 e5 52. Ne3 Nxe3 53.
fxe3 Ke6 54. Kc3 exd4+ 55. Kxd4 Ra4+ 56. Kc3 Ke5 57. Kd3 Ra6 58. Kd2 Ke4 59.
Ke2 Ra4 60. Kf2 Kd3 61. Kf3 Kc3 62. e4 dxe4+ 0-1

[Event "Avoine op 25th"]
[Site "Avoine"]
[Date "2010.07.19"]
[Round "3"]
[White "Bry, Stephane"]
[Black "Tache, Benjamin"]
[Result "0-1"]
[WhiteElo "2084"]
[BlackElo "1932"]
[PlyCount "65"]
[EventDate "2010.07.??"]
[EventType "swiss"]
[EventRounds "9"]
[EventCountry "FRA"]
[Source "Mark Crowther"]
[SourceDate "2010.08.02"]
[WhiteTeamCountry "FRA"]
[BlackTeamCountry "FRA"]

1. e4 c5 2. Nf3 Nc6 3. Bb5 g6 4. O-O Bg7 5. Re1 Nf6 6. e5 Ng4 7. Bxc6 bxc6 8.
d3 O-O 9. Nc3 d6 10. Bf4 f6 11. exd6 exd6 12. d4 cxd4 13. Nxd4 Ne5 14. Nxc6 Qb6
15. Qd5+ Kh8 16. Nxe5 dxe5 17. Be3 Qb7 18. Red1 Qxd5 19. Nxd5 Bb7 20. c4 f5 21.
Nc7 Rac8 22. Ne6 Rf6 23. Nxg7 Kxg7 24. Rd7+ Rf7 25. Bh6+ Kf6 26. Rd6+ Ke7 27.
Rad1 Rc7 28. Rd8 f4 29. R1d6 Rf5 30. h4 Ba6 31. b3 Bxc4 32. bxc4 Rxc4 33. Bg5+
0-1

[Event "Avoine op 25th"]
[Site "Avoine"]
[Date "2010.07.19"]
[Round "3"]
[White "Nord, Antoine"]
[Black "Bodicker, Rob"]
[Result "1/2-1/2"]
[WhiteElo "1937"]
[BlackElo "2081"]
[PlyCount "116"]
[EventDate "2010.07.??"]
[EventType "swiss"]
[EventRounds "9"]
[EventCountry "FRA"]
[Source "Mark Crowther"]
[SourceDate "2010.08.02"]
[WhiteTeamCountry "FRA"]
[BlackTeamCountry "FRA"]

1. e4 e6 2. d4 d5 3. Nd2 c5 4. exd5 Qxd5 5. Ngf3 cxd4 6. Bc4 Qd6 7. O-O Nf6 8.
Nb3 Nc6 9. Nbxd4 Nxd4 10. Qxd4 Bd7 11. Bf4 Qxd4 12. Nxd4 Rc8 13. Bb3 Bc5 14.
Rfd1 O-O 15. c3 Rfe8 16. Nf3 Bb5 17. Ne5 Ne4 18. Bg3 Nxg3 19. hxg3 Red8 20. Bc2
Be2 21. Rxd8+ Rxd8 22. Bd3 Rxd3 23. Nxd3 Bxd3 24. Rd1 Be4 25. b4 Bf8 26. Rd8 g6
27. b5 Kg7 28. f3 Bd5 29. Rd7 Bc5+ 30. Kh2 Bxa2 31. Rxb7 Bb6 32. Rb8 e5 33. Rc8
Be6 34. Re8 Kf6 35. g4 Bd7 36. g5+ Kg7 37. Re7 Bxb5 38. g3 Bc4 39. Rxe5 a5 40.
Re8 a4 41. Ra8 Bb3 42. c4 Bd4 43. Kg2 Bb2 44. c5 a3 45. c6 Be6 46. c7 Be5 47.
Rxa3 Bxc7 48. f4 h6 49. gxh6+ Kxh6 50. Ra7 Bb6 51. Ra6 Bd4 52. Ra3 f5 53. Ra4
Bg7 54. Kh3 Kh5 55. Ra7 Bh6 56. Ra5 g5 57. fxg5 Bxg5 58. Re5 Bd7 1/2-1/2

[Event "Avoine op 25th"]
[Site "Avoine"]
[Date "2010.07.19"]
[Round "3"]
[White "Sobry, Sebastien"]
[Black "Robveille, Laurent"]
[Result "1-0"]
[WhiteElo "2077"]
[BlackElo "1925"]
[PlyCount "39"]
[EventDate "2010.07.??"]
[EventType "swiss"]
[EventRounds "9"]
[EventCountry "FRA"]
[Source "Mark Crowther"]
[SourceDate "2010.08.02"]
[WhiteTeamCountry "FRA"]
[BlackTeamCountry "FRA"]

1. e4 d5 2. exd5 Qxd5 3. Nc3 Qa5 4. d4 Nf6 5. Nf3 Nc6 6. Bd2 Bg4 7. Nb5 Qb6 8.
c4 Nxd4 9. Nbxd4 e5 10. h3 Bxf3 11. Nxf3 O-O-O 12. Qb3 Qc5 13. Qe3 Qc6 14. Qxa7
Qe4+ 15. Be2 b6 16. Ng5 Qxg2 17. Bf3 Rxd2 18. Bxg2 Bb4 19. Qa8+ Kd7 20. Qa4+
1-0

[Event "Avoine op 25th"]
[Site "Avoine"]
[Date "2010.07.19"]
[Round "3"]
[White "Masset, Jacques"]
[Black "Marchadour, Claire"]
[Result "1/2-1/2"]
[WhiteElo "1919"]
[BlackElo "2072"]
[PlyCount "43"]
[EventDate "2010.07.??"]
[EventType "swiss"]
[EventRounds "9"]
[EventCountry "FRA"]
[Source "Mark Crowther"]
[SourceDate "2010.08.02"]
[WhiteTeamCountry "FRA"]
[BlackTeamCountry "FRA"]

1. e4 c5 2. c3 d5 3. exd5 Qxd5 4. d4 g6 5. dxc5 Qxc5 6. Be3 Qa5 7. Bc4 Nf6 8.
Qb3 e6 9. Nf3 Bg7 10. Na3 O-O 11. O-O Nc6 12. Rad1 Ng4 13. Bf4 Qh5 14. Bd6 Nce5
15. Be2 Rd8 16. h3 Nh6 17. Bxe5 Rxd1 18. Qxd1 Bxe5 19. Nxe5 Qxe5 20. Bf3 Qa5
21. g4 Kg7 22. Qd6 {'(=)'} 1/2-1/2

[Event "Avoine op 25th"]
[Site "Avoine"]
[Date "2010.07.19"]
[Round "3"]
[White "Potaux, Olivier"]
[Black "Dessenne, Francois"]
[Result "0-1"]
[WhiteElo "1918"]
[BlackElo "2063"]
[PlyCount "102"]
[EventDate "2010.07.??"]
[EventType "swiss"]
[EventRounds "9"]
[EventCountry "FRA"]
[Source "Mark Crowther"]
[SourceDate "2010.08.02"]
[WhiteTeamCountry "FRA"]
[BlackTeamCountry "FRA"]

1. d4 g6 2. Nf3 Bg7 3. Bg5 c5 4. c3 Nf6 5. Nbd2 d5 6. e3 O-O 7. Bd3 Nc6 8. O-O
b6 9. Qe2 Bb7 10. Rad1 cxd4 11. exd4 Nd7 12. Rfe1 Qc7 13. Bb1 f6 14. Qe6+ Rf7
15. Bh4 Nd8 16. Qe2 e6 17. Bg3 Qc6 18. h4 Re7 19. h5 g5 20. Qd3 Nf8 21. Nf1 Nf7
22. N1h2 Nd6 23. Bxd6 Qxd6 24. Ng4 Rae8 25. Qd2 Qd7 26. h6 Bh8 27. Nfh2 Ng6 28.
g3 Qc7 29. a3 Ba6 30. Nf3 Bc8 31. Nfh2 Kf7 32. Qd3 f5 33. Ne3 Bf6 34. Ba2 Rd7
35. Bb3 a6 36. Re2 Rdd8 37. Rde1 b5 38. Ba2 Bb7 39. Bb1 Bc8 40. Ba2 Ne7 41. Bb1
Ng6 42. Ba2 Re7 43. Bb3 Kf8 44. Kg2 Nh8 45. Rh1 Nf7 46. Nhf1 Nd6 47. Bxd5 g4
48. Nd2 Nf7 49. Ba2 Bb7+ 50. f3 gxf3+ 51. Nxf3 Bxf3+ 0-1

[Event "Avoine op 25th"]
[Site "Avoine"]
[Date "2010.07.19"]
[Round "3"]
[White "Mauffrey, Hugues"]
[Black "Heurtebize, Christophe"]
[Result "0-1"]
[WhiteElo "1911"]
[BlackElo "2057"]
[PlyCount "78"]
[EventDate "2010.07.??"]
[EventType "swiss"]
[EventRounds "9"]
[EventCountry "FRA"]
[Source "Mark Crowther"]
[SourceDate "2010.08.02"]
[WhiteTeamCountry "FRA"]
[BlackTeamCountry "FRA"]

1. d4 d5 2. e4 dxe4 3. Nc3 Nf6 4. f3 exf3 5. Nxf3 Bg4 6. h3 Bh5 7. g4 Bg6 8.
Bg2 c6 9. Ne5 e6 10. Bg5 Qa5 11. O-O Nbd7 12. Qe2 Nxe5 13. dxe5 Bc5+ 14. Kh1
Nd5 15. Ne4 Bxe4 16. Qxe4 Be7 17. Bf4 Nxf4 18. Qxf4 O-O 19. g5 Rad8 20. a3 Qd2
21. h4 Qxc2 22. Rf2 Qd3 23. Be4 Qh3+ 24. Rh2 Qb3 25. Bc2 Qd5+ 26. Be4 Qd4 27.
Re1 Qb6 28. h5 Qa5 29. Rf1 Qb5 30. Re1 c5 31. Bxh7+ Kxh7 32. g6+ Kg8 33. Qg4
Rd4 34. gxf7+ Rxf7 35. Qg6 Qc6+ 36. Kg1 Qf3 37. Rg2 Qf5 38. h6 Qxg6 39. Rxg6
Kh7 0-1

[Event "Avoine op 25th"]
[Site "Avoine"]
[Date "2010.07.19"]
[Round "3"]
[White "Vingerhoets, Luc"]
[Black "Lukasiewicz, Aleksander"]
[Result "1-0"]
[WhiteElo "2057"]
[BlackElo "1905"]
[PlyCount "111"]
[EventDate "2010.07.??"]
[EventType "swiss"]
[EventRounds "9"]
[EventCountry "FRA"]
[Source "Mark Crowther"]
[SourceDate "2010.08.02"]
[WhiteTeamCountry "FRA"]
[BlackTeamCountry "FRA"]

1. e4 e5 2. Nf3 Nc6 3. Bb5 g6 4. d4 exd4 5. Bg5 f6 6. Bh4 Bg7 7. Nxd4 Nge7 8.
Nc3 O-O 9. O-O a6 10. Nxc6 Nxc6 11. Bxc6 dxc6 12. Qxd8 Rxd8 13. Rfd1 Be6 14.
Bg3 Rac8 15. a3 Bh6 16. h3 f5 17. f3 fxe4 18. Nxe4 Bd5 19. Bh4 Bxe4 20. Rxd8+
Rxd8 21. Bxd8 Bxc2 22. Bxc7 Bg7 23. Rc1 Bf5 24. b4 Bb2 25. Re1 Bxa3 26. Bd6 a5
27. Re8+ Kf7 28. Re7+ Kf6 29. Rxb7 axb4 30. Bxb4 Bxb4 31. Rxb4 Ke5 32. Kf2 c5
33. Rh4 h5 34. Ke3 Kd5 35. Ra4 c4 36. Ra5+ Ke6 37. Kd4 Bd3 38. h4 Kf6 39. Rc5
Bf1 40. g3 Be2 41. Ke3 Bd3 42. Rd5 Bf5 43. Kd4 Bd3 44. Ra5 Be2 45. Ra2 Bf1 46.
g4 hxg4 47. fxg4 Bh3 48. Ra6+ Kf7 49. g5 Be6 50. Rc6 Ke7 51. Ke5 Bf7 52. Rc7+
Kf8 53. Kf6 Be8 54. Rc8 Kg8 55. Rxe8+ Kh7 56. h5 1-0

[Event "Avoine op 25th"]
[Site "Avoine"]
[Date "2010.07.19"]
[Round "3"]
[White "Gros, Patrick"]
[Black "Cibeau, Axel"]
[Result "1/2-1/2"]
[WhiteElo "2050"]
[BlackElo "1868"]
[PlyCount "87"]
[EventDate "2010.07.??"]
[EventType "swiss"]
[EventRounds "9"]
[EventCountry "FRA"]
[Source "Mark Crowther"]
[SourceDate "2010.08.02"]
[WhiteTeamCountry "FRA"]
[BlackTeamCountry "FRA"]

1. c4 Nf6 2. g3 c6 3. Bg2 d5 4. Nf3 Nbd7 5. b3 e5 6. cxd5 cxd5 7. Bb2 Bd6 8.
O-O O-O 9. d4 e4 10. Ne5 Re8 11. Nxd7 Bxd7 12. Nc3 Rc8 13. f3 Bb4 14. Rc1 Qa5
15. Na4 Bxa4 16. bxa4 Bd2 17. Rc2 Be3+ 18. Kh1 Qb6 19. Bc3 Rc4 20. Bd2 Rxd4 21.
Bxe3 Rxd1 22. Bxb6 Rxf1+ 23. Bxf1 axb6 24. Rc7 Kf8 25. Rxb7 Ra8 26. Rxb6 Rxa4
27. Rb2 exf3 28. exf3 Ke7 29. Rb7+ Ke6 30. Bh3+ Ke5 31. Rxf7 Rxa2 32. Rxg7 d4
33. Re7+ Kd5 34. Be6+ Kd6 35. Bxa2 Kxe7 36. Bb1 Kd6 37. Kg1 Kd5 38. Kf2 Kc4 39.
Ke2 h6 40. g4 Kc3 41. h4 Nd5 42. g5 hxg5 43. hxg5 Nf4+ 44. Kd1 1/2-1/2

[Event "Avoine op 25th"]
[Site "Avoine"]
[Date "2010.07.19"]
[Round "3"]
[White "Algaba, Pedro"]
[Black "Bruneau, Francois"]
[Result "0-1"]
[WhiteElo "1892"]
[BlackElo "2032"]
[PlyCount "50"]
[EventDate "2010.07.??"]
[EventType "swiss"]
[EventRounds "9"]
[EventCountry "FRA"]
[Source "Mark Crowther"]
[SourceDate "2010.08.02"]
[WhiteTeamCountry "FRA"]
[BlackTeamCountry "FRA"]

1. e4 d6 2. d4 Nf6 3. Bd3 e5 4. c3 d5 5. dxe5 dxe4 6. exf6 exd3 7. fxg7 Bxg7 8.
Be3 Nc6 9. Nf3 Bg4 10. Nbd2 Qd5 11. Qa4 Bd7 12. Qe4+ Qxe4 13. Nxe4 O-O-O 14.
Kd2 h6 15. Rhe1 Bg4 16. Ng1 Na5 17. b3 b6 18. h3 Be6 19. Nf3 Bxb3 20. Bd4 Bxd4
21. Nxd4 Ba4 22. Rab1 c5 23. Nf3 f5 24. Ne5 Rhe8 25. f4 Rxe5 0-1